Annales complutenses (Record no. 176752)

MARC details
000 -LEADER
campo de control de longitud fija 00689nam a22001815i 4500
001 - NÚMERO DE CONTROL
campo de control 176752
003 - IDENTIFICADOR DE NÚMERO DE CONTROL
campo de control ES-MaACL
005 - FECHA Y HORA DE LA ÚLTIMA TRANSACCIÓN
campo de control 20230906220155.0
008 - DATOS DE LONGITUD FIJA--INFORMACIÓN GENERAL
campo de control de longitud fija 110207s1990 sp |||| | spa d
020 ## - NÚMERO INTERNACIONAL ESTÁNDAR DEL LIBRO
Número Internacional Estándar del Libro 84-600-7398-X
080 ## - NÚMERO DE LA CLASIFICACIÓN DECIMAL UNIVERSAL
Número de la Clasificación Decimal Universal 94(460.27 Alcalá de Henares)"16"
245 00 - MENCIÓN DEL TÍTULO
Título Annales complutenses
Resto del título : sucesión de tiempos desde los primeros fundadores griegos hasta estos nuestros que corren /
Mención de responsabilidad, etc. edición de Carlos Sáez.
260 ## - PUBLICACIÓN, DISTRIBUCIÓN, ETC.
Lugar de publicación, distribución, etc. Alcalá de Henares :
Nombre del editor, distribuidor, etc. Institución de Estudios Complutenses (CSIC),
Fecha de publicación, distribución, etc. 1990.
300 ## - DESCRIPCIÓN FÍSICA
Extensión 679, [6] p. ;
Dimensiones 24 cm.
651 #4 - PUNTO DE ACCESO ADICIONAL DE MATERIA--NOMBRE GEOGRÁFICO
Nombre geográfico Alcalá de Henares-
Subdivisión general Historia-
Subdivisión cronológica S.XVII.
9 (RLIN) 145067
700 0# - ENTRADA AGREGADA--NOMBRE PERSONAL
Nombre de persona Sáez, Carlos.
9 (RLIN) 101348
852 ## - LOCALIZACIÓN
Ubicación ES-MaACL
Número de control de estantería E-14212
Holdings
Estatus retirado Estado de pérdida Estado de daño No para préstamo Biblioteca de origen Biblioteca actual Ubicación en estantería Fecha de adquisición Fuente de adquisición Total de préstamos Signatura topográfica completa Código de barras Visto por última vez Precio de reemplazo Tipo de ítem Koha
        Biblioteca del Ateneo de Madrid Biblioteca del Ateneo de Madrid Depósito 2 07/02/2011     E-14212 1185644 23/02/2023 23/02/2023 Libro impreso